000 00663nam a2200229Ia 4500
001 10160
003 GE_BSU
008 181216s||||||||xx |||||||||||||| ||und||
040 _cGE_BSU
080 _a821.353.1–32
100 _aსულიაშვილი,დავით
245 _aზურაბის ციხე
245 _bმოთხრობა
245 _cრედ.შ.რადიანი
260 _aთბილისი
260 _bსაბჭ.მწერალი
260 _c1946
300 _a133გვ.15სმ.
653 _aზურაბის ციხე
653 _aმოთხრობა
942 _cBK
999 _c43430
_d43430